|
|
|
|
| LEADER |
00000nab a2200000 a 4500 |
| 001 |
vtls000476595 |
| 003 |
SK-MaSNL |
| 005 |
20260303195851.0 |
| 008 |
230120c1993 xo 0 slo |
| 015 |
|
|
|a SNBRB19rr/mm-uuuuu
|
| 035 |
|
|
|a CL0476729
|
| 035 |
|
|
|a urn:nbn:sk:snk-abdojm
|
| 035 |
|
|
|a (urnnbn)urn:nbn:sk:snk:ar-0013au
|
| 035 |
|
|
|a (uuid)ce19ada5-87bf-4f4b-aa49-4e02565defc5
|
| 040 |
|
|
|a SNKBUCL
|b slo
|c SNKBUCL
|e AACR2
|
| 041 |
0 |
|
|a slo
|
| 044 |
|
|
|a xo
|c SK
|
| 080 |
|
|
|a 792-053.2
|2 1981
|
| 100 |
1 |
|
|a Koppová, Brigita
|4 aut
|9 428484
|
| 245 |
1 |
0 |
|a Detské divadlo na hranici...
|b S Brigitou Kappovou o detskej dramatickej tvorivosti a dramatickej výchove
|c Brigita Koppová, Žarka Poláková
|
| 650 |
0 |
7 |
|a detské divadlo
|2 snkbucl
|9 68487
|
| 650 |
0 |
7 |
|a dramatická výchova
|2 snkbucl
|9 4012
|
| 655 |
|
7 |
|a články z novín a časopisov
|2 snkbucl
|9 267496
|
| 700 |
1 |
|
|a Poláková, Žarka
|4 aut
|9 845259
|
| 773 |
0 |
|
|t Javisko
|g Roč. 25, č. 1 (1993), s. 41
|
| 850 |
|
|
|a Slovenská národná knižnica v Martine
|a MTA001
|
| 852 |
|
|
|a SNK
|b KIS3GCP
|
| 954 |
|
|
|a odborná, vedecká literatúra pôvodná (slovenská)
|2 lita
|
| 958 |
|
|
|a OND
|
| 958 |
|
|
|a RK
|
| 958 |
|
|
|a EUIPO
|
| 958 |
|
|
|a article19
|
| 992 |
|
|
|a RBX
|
| 999 |
|
|
|c 2165236
|d 2167166
|